| 000 | 00397nam a2200133Ia 4500 | ||
|---|---|---|---|
| 008 | 220217s9999||||xx |||||||||||||| ||und|| | ||
| 020 | _a0-07-113391-7 | ||
| 082 | _a004.68 DAV | ||
| 100 |
_aDavis, Peter, T Mcguffin, Craig, R _93638 |
||
| 245 | 0 | _aWirless local area networks: technology issues and strategie | |
| 260 |
_aTata Mcgraw hill _bNew York _c1995 |
||
| 300 | _b966 | ||
| 650 | _aWWW | ||
| 999 |
_c172327 _d172327 |
||